[Event "Barcelona La Lira-C 15th"]
[Site "Barcelona"]
[Date "2012.07.29"]
[Round "9"]
[White "Lopez Palomino, Nilton Cesar"]
[Black "Clemente Rodriguez, Xavier"]
[Result "1-0"]
[WhiteElo "1754"]
[BlackElo "1795"]
[PlyCount "99"]
[EventDate "2012.07.21"]
[EventType "tourn"]
[EventRounds "9"]
[EventCountry "ESP"]
[SourceTitle "EXT 2014"]
[Source "ChessBase"]
[SourceDate "2013.11.20"]
[SourceVersion "1"]
[SourceVersionDate "2013.11.20"]
[SourceQuality "1"]

1. e4 e6 2. d4 d5 3. Nd2 Nf6 4. e5 Nfd7 5. Bd3 c5 6. c3 Nc6 7. Ne2 Qb6 8. Nf3 cxd4 9. cxd4 Bb4+ 10. Kf1 Be7 11. a3 a5 12. Be3 f6 13. Nf4 Nf8 14. Rb1 fxe5 15. Nxe5 Nxe5 16. dxe5 Bc5 17. Bxc5 Qxc5 18. Qh5+ Kd8 19. Qg5+ Qe7 20. Qxe7+ Kxe7 21. Rc1 g5 22. Nh3 h6 23. Ng1 Nd7 24. Re1 Rf8 25. g4 b6 26. h4 Nc5 27. Bc2 Ba6+ 28. Kg2 Rf4 29. f3 Raf8 30. hxg5 hxg5 31. Rh7+ R8f7 32. Rxf7+ Kxf7 33. Nh3 Rd4 34. Nxg5+ Ke7 35. Rd1 Rxd1 36. Bxd1 Nd3 37. b3 Nxe5 38. Bc2 d4 39. Ne4 Bb7 40. Kg3 Bxe4 41. Bxe4 Kf6 42. f4 Nf7 43. g5+ Kg7 44. Kf3 e5 45. g6 Nd6 46. fxe5 Nxe4 47. Kxe4 Kxg6 48. Kxd4 Kf7 49. Kd5 Ke7 50. Kc6 1-0

[Event "Barcelona La Lira-C 15th"]
[Site "Barcelona"]
[Date "2012.07.28"]
[Round "8"]
[White "Clemente Rodriguez, Xavier"]
[Black "Cano Sevila, Ivan"]
[Result "0-1"]
[WhiteElo "1795"]
[BlackElo "1467"]
[PlyCount "66"]
[EventDate "2012.07.21"]
[EventType "tourn"]
[EventRounds "9"]
[EventCountry "ESP"]
[SourceTitle "EXT 2014"]
[Source "ChessBase"]
[SourceDate "2013.11.20"]
[SourceVersion "1"]
[SourceVersionDate "2013.11.20"]
[SourceQuality "1"]

1. d4 d5 2. c4 e6 3. Nc3 c6 4. Nf3 Nf6 5. Bg5 Nbd7 6. e3 Bd6 7. cxd5 cxd5 8. Bd3 h6 9. Bh4 0-0 10. 0-0 Qc7 11. Nb5 Qb8 12. Nxd6 Qxd6 13. Bg3 Qe7 14. Ne5 Nxe5 15. dxe5 Nd7 16. f4 Nc5 17. Bc2 Bd7 18. f5 exf5 19. Bxf5 Bxf5 20. Rxf5 Qe6 21. Qf3 Ne4 22. Rh5 Rac8 23. Qf4 Rc2 24. b3 Rfc8 25. Qf1 Qc6 26. Be1 Rc1 27. Rxc1 Qxc1 28. Rh3 Rc2 29. Rf3 Rxa2 30. e6 fxe6 31. Rf8+ Kh7 32. Bf2 Qxf1+ 33. Kxf1 Nd2+ 0-1

[Event "Barcelona La Lira-C 15th"]
[Site "Barcelona"]
[Date "2012.07.27"]
[Round "7"]
[White "Clemente Rodriguez, Xavier"]
[Black "Briones Mera, Eduardo"]
[Result "1-0"]
[WhiteElo "1795"]
[BlackElo "1700"]
[PlyCount "51"]
[EventDate "2012.07.21"]
[EventType "tourn"]
[EventRounds "9"]
[EventCountry "ESP"]
[SourceTitle "EXT 2014"]
[Source "ChessBase"]
[SourceDate "2013.11.20"]
[SourceVersion "1"]
[SourceVersionDate "2013.11.20"]
[SourceQuality "1"]

1. b4 d5 2. Bb2 Nf6 3. Nf3 g6 4. e3 Bg7 5. d4 0-0 6. Bd3 Bg4 7. h3 Bd7 8. 0-0 Qc8 9. Ne5 Be6 10. Nd2 Nfd7 11. f4 Nxe5 12. dxe5 Bxh3 13. gxh3 Qxh3 14. Qf3 Qe6 15. Qg3 Qb6 16. a3 e6 17. Bd4 Qc6 18. Kf2 Qd7 19. Rh1 h6 20. Rh2 Nc6 21. Rah1 Nxd4 22. exd4 Qc6 23. Rxh6 Rfd8 24. Bxg6 Rd7 25. Bxf7+ Kxf7 26. Qg6+ 1-0

[Event "Barcelona La Lira-C 15th"]
[Site "Barcelona"]
[Date "2012.07.26"]
[Round "6"]
[White "Moreira Martinez, Eloi"]
[Black "Clemente Rodriguez, Xavier"]
[Result "1/2-1/2"]
[WhiteElo "1798"]
[BlackElo "1795"]
[PlyCount "78"]
[EventDate "2012.07.21"]
[EventType "tourn"]
[EventRounds "9"]
[EventCountry "ESP"]
[SourceTitle "EXT 2014"]
[Source "ChessBase"]
[SourceDate "2013.11.20"]
[SourceVersion "1"]
[SourceVersionDate "2013.11.20"]
[SourceQuality "1"]

1. Nf3 Nf6 2. d4 e6 3. c4 d5 4. Nc3 Bb4 5. Qb3 Nc6 6. Bg5 dxc4 7. Qxc4 0-0 8. e4 Be7 9. Rd1 Nd7 10. Be3 Na5 11. Qa4 b6 12. b4 Nb7 13. Be2 Nd6 14. Ne5 Nb8 15. 0-0 Bb7 16. d5 Bf6 17. f4 a5 18. dxe6 fxe6 19. Bc4 Qe7 20. Qb3 Nxc4 21. Qxc4 axb4 22. Nb5 Bxe5 23. fxe5 Nc6 24. Bd4 Rxf1+ 25. Kxf1 Nxd4 26. Rxd4 Rf8+ 27. Kg1 Qf7 28. Rd1 Bxe4 29. Kh1 Bd5 30. Qe2 Bxa2 31. h3 Bd5 32. Qg4 b3 33. Rb1 Qf2 34. Nxc7 Rf4 35. Qg5 b2 36. Ne8 Rf7 37. Nf6+ Kh8 38. Nh5 g6 39. Nf6 Ba2 1/2-1/2

[Event "Barcelona La Lira-C 15th"]
[Site "Barcelona"]
[Date "2012.07.24"]
[Round "4"]
[White "Zamora, Ricard"]
[Black "Clemente Rodriguez, Xavier"]
[Result "1/2-1/2"]
[WhiteElo "1516"]
[BlackElo "1795"]
[PlyCount "75"]
[EventDate "2012.07.21"]
[EventType "tourn"]
[EventRounds "9"]
[EventCountry "ESP"]
[SourceTitle "EXT 2014"]
[Source "ChessBase"]
[SourceDate "2013.11.20"]
[SourceVersion "1"]
[SourceVersionDate "2013.11.20"]
[SourceQuality "1"]

1. e4 e6 2. d4 d5 3. e5 c5 4. c3 Nc6 5. Nf3 Qb6 6. Bd3 Bd7 7. Bc2 Nge7 8. b3 Nf5 9. Bxf5 exf5 10. Be3 a5 11. a4 Be7 12. Na3 f4 13. Bc1 Bg4 14. Nb5 Bxf3 15. gxf3 cxd4 16. Bxf4 0-0 17. cxd4 Nb4 18. Rg1 Rac8 19. Kf1 Qe6 20. Kg2 Bh4 21. Rc1 Rxc1 22. Bxc1 Rc8 23. Be3 f6 24. f4 Rf8 25. Nd6 fxe5 26. fxe5 Nc6 27. Nxb7 Ne7 28. Nc5 Qf5 29. Nd3 Ng6 30. Qd2 Qg4+ 31. Kh1 Qe4+ 32. Rg2 Ne7 33. Kg1 Nf5 34. h3 Kh8 35. Qe2 Nxe3 36. Qxe3 Qf5 37. Kh2 Rb8 38. Nc5 1/2-1/2